| Tag |
First Indicator |
Second Indicator |
Subfields |
| LEADER |
00000cam a2200000 i 4500 |
| 001 |
in00005656521 |
| 007 |
ta |
| 008 |
250215t20252025gw ac bc 000 0deng d |
| 005 |
20250804223551.2 |
| 035 |
|
|
|a (OCoLC)on1499795032
|
| 040 |
|
|
|a OHX
|b eng
|e rda
|c OHX
|d JPG
|d CUY
|d YDX
|d UKMGB
|d CUY
|d ZVP
|
| 019 |
|
|
|a 1445428831
|
| 020 |
|
|
|a 9783777444321
|
| 020 |
|
|
|a 3777444324
|
| 024 |
3 |
|
|a 9783777444321
|
| 024 |
8 |
|
|a CIPO000203701
|
| 035 |
|
|
|a (OCoLC)1499795032
|z (OCoLC)1445428831
|
| 043 |
|
|
|a n-us---
|
| 050 |
|
4 |
|a N6537.W665
|b A4 2025
|
| 072 |
|
7 |
|a N
|2 lcco
|
| 082 |
0 |
4 |
|a 709.2
|2 23
|
| 130 |
0 |
|
|a Saya Woolfalk (Hirmer)
|
| 245 |
1 |
0 |
|a Saya Woolfalk :
|b empathic universe /
|c edited and with an essay by Alexandra Schwartz ; contributions by Naomi Beckwith, Lowery Stokes Sims, Jasmine Wahi.
|
| 246 |
3 |
0 |
|a Empathic universe
|
| 264 |
|
1 |
|a Munich :
|b Hirmer ;
|a New York :
|b Museum of Arts and Design,
|c [2025]
|
| 264 |
|
4 |
|c ©2025
|
| 300 |
|
|
|a 143 pages :
|b color illustrations, portraits ;
|c 26 cm
|
| 336 |
|
|
|a text
|b txt
|2 rdacontent
|
| 336 |
|
|
|a still image
|b sti
|2 rdacontent
|
| 337 |
|
|
|a unmediated
|b n
|2 rdamedia
|
| 338 |
|
|
|a volume
|b nc
|2 rdacarrier
|
| 386 |
|
|
|m Occupation/Field of Activity category
|n occ
|a Artists
|a Textile artists
|a Performance artists
|2 lcsh
|
| 386 |
|
|
|m Nationality/regional group
|n nat
|a Americans
|2 lcsh
|
| 386 |
|
|
|m Gender group
|n gdr
|a Women
|2 lcsh
|
| 386 |
|
|
|m Ethnic/Cultural category
|n eth
|a Japanese Americans
|a African Americans
|a Multiracial people
|2 lcsh
|
| 500 |
|
|
|a On the occasion of an exhibition held at the Museum of Arts and Design, New York, April 12 - September 7, 2025.
|
| 504 |
|
|
|a Includes bibliographical references (pages 140-142).
|
| 505 |
0 |
0 |
|t Foreword /
|r Tim Rodgers --
|t Saya Woolfalk's empathic universe /
|r Alexandra Schwartz --
|t "A scaffolding for transformative experiences to happen" /
|r Saya Woolfalk in conversation with Lowery Stokes Sims --
|t Saya Woolfalk's utopian sensation as a space for critique /
|r Naomi Beckwith --
|t "An active choice to empathize" /
|r Saya Woolfalk in conversation with Jasmine Wahi.
|
| 520 |
|
|
|a "The first full-scale monograph on this internationally renowned multidisciplinary artist. Woolfalk's immersive installations are as visually stunning as they are intellectually engaging, winning ardent admirers worldwide. Lavishly illustrated, this volume surveys two decades of Woolfalk's groundbreaking work including the artist's: garment-based sculptures, installations, videos, paintings, and live performances. "The Empathics" are a fictional race of women whose story runs throughout Woolfalk's artworks. Their name reflects the hope that future societies will develop stronger empathy for one another, and their visual culture has its own distinctive imagery, symbolism, and folklore, incorporating aspects of African, African-American, Japanese, European, and Brazilian art, craft, and storytelling"--
|c Provided by publisher.
|
| 585 |
|
|
|a On the occasion of an exhibition held at the Museum of Arts and Design, New York, April 12 - September 7, 2025.
|
| 600 |
1 |
0 |
|a Woolfalk, Saya,
|d 1979-
|v Exhibitions.
|
| 650 |
|
0 |
|a Installations (Art)
|z United States
|y 21st century
|v Exhibitions.
|
| 700 |
1 |
|
|a Woolfalk, Saya,
|d 1979-
|e artist,
|e interviewee
|1 https://id.oclc.org/worldcat/entity/E39PBJkXBYpyvmTVdWgbd86xjC
|
| 700 |
1 |
|
|a Schwartz, Alexandra,
|e editor,
|e writer of added commentary.
|1 https://id.oclc.org/worldcat/entity/E39PCjvhbHpwR9FfcXbfyBtyJP
|
| 700 |
1 |
|
|a Beckwith, Naomi,
|e contributor.
|1 https://id.oclc.org/worldcat/entity/E39PBJjxmYxW8PRCxRQmQ7vvHC
|
| 700 |
1 |
|
|a Sims, Lowery Stokes,
|e interviewer
|1 https://id.oclc.org/worldcat/entity/E39PBJm99G78DwQX8MBKQg4Dv3
|
| 700 |
1 |
|
|a Wahi, Jasmine,
|d 1986-
|e interviewer.
|
| 710 |
2 |
|
|a Museum of Arts and Design (New York, N.Y.),
|e host institution.
|
| 852 |
8 |
|
|b POD
|z This title is available for the library to purchase for your use. Click the "Purchase It For Me" button to place a request. This item will take 5-10 business days to arrive.
|
| 955 |
|
|
|a Print PDA title
|
| 961 |
|
|
|m 565730
|
| 999 |
f |
f |
|s d69f4177-8265-4f98-b9f8-994b048883ed
|i 86154db0-599c-4306-8cf9-30c817ecc140
|t 0
|
| 952 |
f |
f |
|a Texas A&M University
|b College Station
|c Sterling C. Evans Library
|d Purchase on Demand
|t 0
|e N6537.W665 A4 2025
|h Library of Congress classification
|
| 998 |
f |
f |
|a N6537.W665 A4 2025
|t 0
|l Purchase on Demand
|